| 000 | 02268cam a22003255a 4500 | ||
|---|---|---|---|
| 001 | 15647093 | ||
| 003 | OSt | ||
| 005 | 20140310182903.0 | ||
| 008 | 090305s2009 ph ab b 000 0 eng | ||
| 010 | _a 2009316200 | ||
| 020 | _a9711011925 | ||
| 040 |
_aDLC _cDLC _dDLC |
||
| 042 | _alcode | ||
| 043 | _aas----- | ||
| 050 |
_aDS 523.3 _b.G577 2009 |
||
| 082 |
_aM 305.800959 _bG577 2009 |
||
| 245 | 0 | 0 |
_aUrbanization and formation of ethnicity in Southeast Asia / _cToh Goda, ed. |
| 260 |
_aQuezon City, Philippines : _bNew Day Publishers, _cc2009. |
||
| 300 |
_axli, 288 p. : _bill., maps ; _c23 cm. |
||
| 504 | _aIncludes bibliographical references (p. [258]-281). | ||
| 505 | 0 | _aProblems and prospects in anthropological study of urbanization and formation of ethnicity in Southeast Asia / Toh Goda -- City, civil society and minority, the case of the Aeta and the City of Tayabas and Lucena, Quezon, Philippines / Yasuaki Tamaki -- Formation of Igorot Village in Cainta, Rizal Province, Philippines / Toh Goda -- Urbanization among the Waray squatters of Tacloban City, Leyte, Philippines / Artemio C. Barbosa -- The contemporary rural-urban linkage, a case of the Philippines / Itaru Nagasaka -- Urbanization and indigenous people, development among the Orang Asli, Malaysia / Toshihiro Nobuta -- The development of Miri City and the ethnicity of minority groups in Northern Sarawak / Masao Ishii -- The location of ethnicity and spatial segregation in Metropolitan Area, Malaysia / Hisashi Endo -- Spheres of control in postcolonial plural societies, the Malaysian experience / Shamsul, Amri B. -- Peranakanization, indonesianization, and cultural citizenship among the ethnic Chinese in an Indonesian town, the case of Makassar / Makoto Itoh -- The raglai social management and administrative system in the Bac Ai District, Ninh Thuan Province, Vietnam / Hoang Van Viet -- The sustainability of the Khmer traditional sociopolitical institutions in their ethnicity processes in Mekong Delta / Phan An. | |
| 521 | _aCollege students | ||
| 526 | _c1210L-1700L | ||
| 541 | _j1 | ||
| 562 | _e1 | ||
| 700 | 1 | _aGoda, Toh. | |
| 906 |
_a7 _bibc _corigode _d3 _encip _f20 _gy-gencatlg |
||
| 942 |
_2lcc _cBK _kFIL |
||
| 999 |
_c17120 _d17120 |
||